000 01004 a2200217 4500
020 _a052183015X
020 _a0521537169
040 _aDLC
_bDLC
082 0 0 _a507.973
100 1 _aChapin, Paul G.,
245 1 0 _aResearch projects and research proposals: a guide for scientists seeking funding
_ba guide for scientists seeking funding
_cPaul G. Chapin ; with a foreword by Alan I. Leshner.
260 _aCambridge, U. K. ;
_aNew York :
_bCambridge University Press,
_c2004.
300 _axvi, 154 p. ;
_c24 cm.
500 _aIncludes index.
650 0 _aScience
_xResearch grants
856 4 1 _3Table of contents
_uhttp://www.loc.gov/catdir/toc/cam051/2003069568.html
856 4 1 _3Sample text
_uhttp://www.loc.gov/catdir/samples/cam041/2003069568.html
856 4 1 _3Publisher description
_uhttp://www.loc.gov/catdir/description/cam041/2003069568.html
856 4 1 _3Contributor biographical information
_uhttp://www.loc.gov/catdir/enhancements/fy0732/2003069568-b.html
942 _cBK
_k300.72 CHA
_2ddc
999 _c7126
_d7126